Baňská Bystrica Súdobná ulica

Zobrazenie: Pohľad z balkóna, zo strany sprava na ulicu, lemovanú po oboch stranách radom stromov a vľavo aj radom domov. Vpravo v popredí je železný plot s dvoma stĺpmi a obďaleč neho sú na chodníku traja ľudia. Za domami v pozadí je zalesnený kopec

Bibliographic Details
Format: Postcard
Language:Slovak
PhysicalDescription:1 pohľadnica kolorovaná 9 x 14 cm
Published: Baňská Bystrica F. Machold [1922?]
Subjects:

MARC

LEADER 00000nkm a2200000 a 4500
001 vtls011988375
003 SK-MaSNL
005 20260512122555.0
007 kp ho
008 231121q1922 xo g 0k|slo
015 |a SNBG1922 
035 |a urn:nbn:sk:snk-km00fcx5 
035 |a urn:nbn:sk:snk-km45tyr 
035 |a 591880DB-E786-49D0-BD13-8546348CB3BF 
040 |a SNK  |b slo  |c SNK  |e AACR2 
041 0 |a slo 
043 |a e-xo--- 
044 |a xo  |c SK 
072 7 |a 913  |x Regionálna geografia  |2 konspekt 
080 |a 913(437.6)  |2 2011 
080 |a (084.121)  |2 2011 
080 |a 721  |2 2011 
080 |a 711.73  |2 2011 
245 0 0 |a Baňská Bystrica  |h grafika  |b Súdobná ulica 
246 3 3 |a Banská Bystrica  |b Súdobná ulica 
260 |a Baňská Bystrica  |b F. Machold  |c [1922?] 
300 |a 1 pohľadnica  |b kolorovaná  |c 9 x 14 cm 
500 |a Názvové údaje prevzaté z obrazovej časti pohľadnice 
520 8 |a Zobrazenie: Pohľad z balkóna, zo strany sprava na ulicu, lemovanú po oboch stranách radom stromov a vľavo aj radom domov. Vpravo v popredí je železný plot s dvoma stĺpmi a obďaleč neho sú na chodníku traja ľudia. Za domami v pozadí je zalesnený kopec 
650 0 7 |a ulice  |2 SNKPH  |9 2938 
650 0 7 |a budovy  |2 SNKPH  |9 1283 
651 7 |a Banská Bystrica (Slovensko)  |2 SNKPHgeo  |9 22015 
655 7 |a miestne pohľadnice  |2 SNKPH  |9 70510 
752 |a Slovensko  |d Banská Bystrica 
852 |a Slovenská národná knižnica 
958 |a GC 
958 |a OND 
958 |a GBN 
958 |a EUIPO 
999 |c 609502  |d 611432 
952 |a SNK  |b SNK  |y PREZ  |7 0  |p 17A1412268  |o snkSP 99288  |z Pohľadnica prešla poštou.  |0 0  |1 0  |4 0  |d 2020-08-20  |f 1  |l 0  |r 2026-02-23 16:19:26  |w 2026-02-23